Les 5 Places Royales de Paris en images - Statistiques

Statistiques générales
  • Ce quiz a été pris 25 fois
  • Le résultat moyen est 3 sur 5
Statistiques - réponses
Par images Réponse % Correct
Place de la Concorde
92%
Place Vendôme
63%
Place des Vosges
58%
Place Dauphine
33%
Place des Victoires
25%
Aucun quiz correspondant
Distribution des résultats
% des personnes avec chaque résultat
Percentile par nombre de réponses
Votre historique - résultats
Vous n’avez pas pris ce quiz